书目信息 |
| 题名: |
西班牙星光之路
|
|
| 作者: | 诺特博姆 著 ;何佩桦 译 | |
| 分册: | ||
| 出版信息: | 南京 译林出版社 2022.03 |
|
| 页数: | 513页 | |
| 开本: | 19cm | |
| 丛书名: | ||
| 单 册: | ||
| 中图分类: | I563.65 | |
| 科图分类: | ||
| 主题词: | 游记--you ji--作品集--荷兰--现代 | |
| 电子资源: | ||
| ISBN: | 978-7-5447-8850-2 | |
| 000 | 01394nam0 2200265 450 | |
| 001 | 011025153657 | |
| 005 | 20221025153657.0 | |
| 010 | @a978-7-5447-8850-2@b精装@dCNY78.00 | |
| 100 | @a20201004d2022 em y0chiy0120 ea | |
| 101 | 1 | @achi@cdut |
| 102 | @aCN@b320000 | |
| 105 | @aa z 000cy | |
| 106 | @ar | |
| 200 | 1 | @a西班牙星光之路@Axi ban ya xing guang zhi lu@dDe omweg naar santiago@f(荷) 塞斯·诺特博姆著@g何佩桦译@zdut |
| 210 | @a南京@c译林出版社@d2022.03 | |
| 215 | @a513页@c图, 照片@d19cm | |
| 300 | @a诺特博姆作品 | |
| 305 | @a台湾马克孛罗文化授权出版 | |
| 330 | @a诺特博姆是当代书写西班牙的首席名家,与布雷南、吉布森齐名。《西班牙星光之路》是诺特博姆多次行游西班牙的见闻、观察、体悟和心情的注记,深刻探索西班牙千年的历史与文化,从笔下的蛛丝马迹我们看到了旅人对西班牙的期待、好奇、幽默,同时带着属于文人特有的细腻、理性的思索。它如同一座记忆宫殿,让我们跟着他的记忆轨迹一一揭开西班牙多样且深层的历史及文化。《西班牙星光之路》让人回想起亨利·詹姆斯对法兰西的冥想、阿道司·赫胥黎关于意大利的随笔,以及帕慕克的伊斯坦布尔回忆录。诺特博姆的书写敏感细腻,他对西班牙的热爱不仅真挚,且充满令人信服的激情。 | |
| 510 | 1 | @aOmweg naar santiago@zdut |
| 606 | 0 | @a游记@Ayou ji@x作品集@y荷兰@z现代 |
| 690 | @aI563.65@v5 | |
| 701 | 0 | @c(荷)@a诺特博姆@Anuo te bo mu@g(Nooteboom, Cees@f1933~)@4著 |
| 702 | 0 | @a何佩桦@Ahe pei hua@f(1966~)@4译 |
| 905 | @a河南城建学院图书馆@dI563.65@eS014 | |
| 西班牙星光之路=De omweg naar santiago/(荷) 塞斯·诺特博姆著/何佩桦译.-南京:译林出版社,2022.03 |
| 513页:图, 照片;19cm |
| 诺特博姆作品 |
| ISBN 978-7-5447-8850-2(精装):CNY78.00 |
| 诺特博姆是当代书写西班牙的首席名家,与布雷南、吉布森齐名。《西班牙星光之路》是诺特博姆多次行游西班牙的见闻、观察、体悟和心情的注记,深刻探索西班牙千年的历史与文化,从笔下的蛛丝马迹我们看到了旅人对西班牙的期待、好奇、幽默,同时带着属于文人特有的细腻、理性的思索。它如同一座记忆宫殿,让我们跟着他的记忆轨迹一一揭开西班牙多样且深层的历史及文化。《西班牙星光之路》让人回想起亨利·詹姆斯对法兰西的冥想、阿道司·赫胥黎关于意大利的随笔,以及帕慕克的伊斯坦布尔回忆录。诺特博姆的书写敏感细腻,他对西班牙的热爱不仅真挚,且充满令人信服的激情。 |
| ● |
| 相关链接 |
|
|
|
正题名:西班牙星光之路
索取号:I563.65/S014
 
预约/预借
| 序号 | 登录号 | 条形码 | 馆藏地/架位号 | 状态 | 备注 |
| 1 | 1589018 | 215890187 | 文学库116/116文学库 22排5列3层/ [索取号:I563.65/S014] | 在馆 | |
| 2 | 1589019 | 215890196 | 文学库116/116文学库 22排5列3层/ [索取号:I563.65/S014] | 在馆 |